00781 2200289 4500001002100000005001500021035002000036007000300056040001700059245006600076250001200142300003400154020002200188041000800210082001000218084001600228090002200244264003700266336002100303337003000324338002300354500003000377650001800407850001000425008004100435990001500476INLIS00000000000853520260519080519 a0010-0922001024ta aSBPUPADbind aMasalah dan Tatalaksana Penyakit Anak Dengan Deman /cWidagdo a.-Cet.1 axiv,335 hlm :bilus. ;c23 cm a978-602-8674-63-807aind a616.9 a616.9 WID m a616.9 WID m L18-3 a.--Jakarta :bSagung Seto,c2012 2rdacontentateks 2rdamediaatanpa perantara 2rdacarrieravolume aTentang Penulis, hlm. 335 4aPenyakit Anak aPUPAD260519 0  a905/B/2013